| 000 | 00574 a2200205 4500 | ||
|---|---|---|---|
| 001 | 19160 | ||
| 999 |
_c19160 _d5858 |
||
| 003 | TR-AnTOB | ||
| 005 | 20191104211856.0 | ||
| 008 | 041102s2001 tu tur | ||
| 020 | _a9756952091 | ||
| 041 | _atur | ||
| 050 |
_aBF637.S8 _bİ8 2001 |
||
| 090 | _aBF637.S8 İ8 2001 | ||
| 245 | 0 |
_aİş dünyasını 21. yüzyıla hazırlayan liderlerin değişim ve liderlik deneyimleri: değişimin liderleri / _cEd. Melih Arat. |
|
| 264 | 1 |
_aİstanbul : _bMavi Kitaplar, _c2001 |
|
| 300 |
_a192 p. ; _c22 cm. |
||
| 650 |
_aBaşarı _912938 |
||
| 902 | _a0010215 | ||
| 942 | _cBK | ||